000 02122nam0a2200397 4500
001 RU\NLR\BIBL_A\012391191
005 20201120141538.0
010 _a978-5-7533-1651-6
_95000
021 _aRU
_bКН-П-20-041661
_9КН-П-20-3166
035 _a(NLR Aleph) 012391191
035 _a(RuMoRGB)010380668
090 _a11677185
_c11677185
100 _a20201029d2020 u y0rusy50 ca
101 1 _arus
_cgre
102 _aRU
105 _aac||z|||000zd
181 0 _ai
_baxxe
182 0 _an
200 1 _aСтарец Герман Ставровунийский (1906-1982)
_eтихий и благодатный свет во мраке наших дней
_fАрхимандрит Афанасий
_gперевод с новогреческого Александры Никифоровой, Петра Пашкова
203 _aТекст
_bвизуальный
_cнепосредственный
210 _aМосква
_cИзд-во Сретенского монастыря
_d2020
215 _a268, [1] с., [4] л. цв. ил., портр.
_cил., портр.
_d22
320 _aБиблиогр. в подстроч. примеч.
600 0 _aГерман Ставровуниот
_cХаджигеоргиу, Георгий
_cигумен
_f1906 - 1982
_92458494
_3RU\NLR\AUTH\6601678573
610 0 _aмонастырь Ставровуни (Кипр)
686 2 _aЭ372.18-36-028
700 0 _7ca
_8rus
_aАфанасий
_cигумен монастыря Ставровуни
_f1925-
_9223023
_3RU\NLR\AUTH\770223079
702 0 _4570
_7ca
_8rus
_aГерман Ставровуниот
_cХаджигеоргиу, Георгий
_cигумен
_f1906-1982
_9223007
_3RU\NLR\AUTH\770223063
702 1 _4730
_7ca
_8rus
_aНикифорова
_bА. Ю.
_cканд. филол. наук
_f1976-
_gАлександра Юрьевна
_948289
_3RU\NLR\AUTH\7765360
942 _cBOOK
980 _aNBR
980 _aNB